<?xml version="1.0" encoding="UTF-8"?>
<collection xmlns="http://www.loc.gov/MARC21/slim">
 <record>
  <leader>01567nam a2200253 a 4500</leader>
  <controlfield tag="001">1/52792</controlfield>
  <controlfield tag="008">210717s2014    gr            000 | gre d</controlfield>
  <datafield tag="020" ind1=" " ind2=" ">
   <subfield code="a">9789609829823 </subfield>
  </datafield>
  <datafield tag="040" ind1=" " ind2=" ">
   <subfield code="a">GR-PeUP</subfield>
  </datafield>
  <datafield tag="082" ind1="0" ind2="0">
   <subfield code="a">622.092 ΑΝΑ</subfield>
  </datafield>
  <datafield tag="245" ind1="0" ind2="0">
   <subfield code="a">&quot;Ανάκληση αναμνήσεων&quot; :</subfield>
   <subfield code="b">τι θυμάμαι από την παλιά Γαλλική Εταιρεία Μεταλλείων Λαυρίου / </subfield>
   <subfield code="c">[επιμέλεια Βιοτεχνικό Βιομηχανικό Εκπαιδευτικό Μουσείο].</subfield>
  </datafield>
  <datafield tag="260" ind1=" " ind2=" ">
   <subfield code="a">Λαύριο : </subfield>
   <subfield code="b">Βιοτεχνικό Βιομηχανικό Εκπαιδευτικό Μουσείο,</subfield>
   <subfield code="c">2014.</subfield>
  </datafield>
  <datafield tag="300" ind1=" " ind2=" ">
   <subfield code="a">222 σ. : </subfield>
   <subfield code="b">εικ., πορτρ., χάρτες ;</subfield>
   <subfield code="c">30 εκ. </subfield>
  </datafield>
  <datafield tag="500" ind1=" " ind2=" ">
   <subfield code="a">Εβδομήντα προφορικές μαρτυρίες.</subfield>
  </datafield>
  <datafield tag="610" ind1="2" ind2="0">
   <subfield code="a">Γαλλική Εταιρεία Μεταλλείων Λαυρίου.</subfield>
  </datafield>
  <datafield tag="650" ind1=" " ind2="0">
   <subfield code="a">Mining</subfield>
   <subfield code="z">Greece -</subfield>
   <subfield code="z">Attiki (Nome)</subfield>
   <subfield code="z">Lafrio.</subfield>
  </datafield>
  <datafield tag="650" ind1=" " ind2="0">
   <subfield code="a">Mining industries</subfield>
   <subfield code="x">History.</subfield>
  </datafield>
  <datafield tag="650" ind1=" " ind2="0">
   <subfield code="a">Mining industries</subfield>
   <subfield code="x">Employees.</subfield>
  </datafield>
  <datafield tag="650" ind1=" " ind2="4">
   <subfield code="a">Μεταλλεία</subfield>
   <subfield code="z">Ελλάδα</subfield>
   <subfield code="z">Αττική (Νομός)</subfield>
   <subfield code="z">Λαύριο</subfield>
   <subfield code="x">Εικονογραφημένα έργα.</subfield>
  </datafield>
  <datafield tag="650" ind1=" " ind2="4">
   <subfield code="a">Μεταλλευτικές βιομηχανίες </subfield>
   <subfield code="z">Μεταλλευτικές βιομηχανίες </subfield>
   <subfield code="x">Ιστορία.</subfield>
  </datafield>
  <datafield tag="650" ind1=" " ind2="4">
   <subfield code="a">Μεταλλευτικές βιομηχανίες</subfield>
   <subfield code="z">Ελλάδα.</subfield>
  </datafield>
  <datafield tag="650" ind1=" " ind2="4">
   <subfield code="a">Μεταλλευτικές βιομηχανίες </subfield>
   <subfield code="x">Εργαζόμενοι.</subfield>
  </datafield>
  <datafield tag="852" ind1=" " ind2=" ">
   <subfield code="a">INST</subfield>
   <subfield code="b">UNIPILB</subfield>
   <subfield code="c">MAIN</subfield>
   <subfield code="e">20210717</subfield>
   <subfield code="h">622.092 ΑΝΑ</subfield>
   <subfield code="p">00178072</subfield>
   <subfield code="q">00178072</subfield>
   <subfield code="t">LOAN</subfield>
   <subfield code="y">0</subfield>
   <subfield code="4">1</subfield>
  </datafield>
  <datafield tag="960" ind1=" " ind2=" ">
   <subfield code="a">ΑΛΜΠΑΝΗ ΤΑΝΙΑ</subfield>
  </datafield>
 </record>
</collection>
